Кащей: Фантастический роман
| Autor principal: | |
|---|---|
| Sumari: | Исключено из фонда НТБ ТПУ |
| Idioma: | rus |
| Publicat: |
Москва, Армада, 2003
|
| Format: | Llibre |
| KOHA link: | https://koha.lib.tpu.ru/cgi-bin/koha/opac-detail.pl?biblionumber=52486 |
MARC
| LEADER | 00000nam0a2200000 4500 | ||
|---|---|---|---|
| 001 | 52486 | ||
| 005 | 20231031041644.0 | ||
| 010 | |a 5935562634 | ||
| 035 | |a (RuTPU)RU\TPU\book\55005 | ||
| 090 | |a 52486 | ||
| 100 | |a 20030602d2003 m y0rusy50 ca | ||
| 101 | 0 | |a rus | |
| 102 | |a RU | ||
| 105 | |a y z 000ay | ||
| 200 | 1 | |a Кащей |e Фантастический роман |f Д. В. Мансуров | |
| 210 | |a Москва |c Армада |d 2003 | ||
| 215 | |a 410 с. | ||
| 333 | |a Исключено из фонда НТБ ТПУ | ||
| 675 | |a Р2 |v 3 | ||
| 700 | 1 | |a Мансуров |b Д. В. |g Дмитрий Васимович | |
| 801 | 1 | |a RU |b 63413507 |c 20030602 |g PSBO | |
| 801 | 2 | |a RU |b 63413507 |c 20210526 |g PSBO | |
| 942 | |c BK | ||